The mission of the Body of Christ / (Record no. 20878)

MARC details
000 -LEADER
fixed length control field 01573cam a2200385 i 4500
001 - CONTROL NUMBER
control field 20405304
003 - CONTROL NUMBER IDENTIFIER
control field OSt
005 - DATE AND TIME OF LATEST TRANSACTION
control field 20251203115714.0
008 - FIXED-LENGTH DATA ELEMENTS--GENERAL INFORMATION
fixed length control field 180313s2018 ilu b 000 0 eng
010 ## - LIBRARY OF CONGRESS CONTROL NUMBER
LC control number 2018012245
020 ## - INTERNATIONAL STANDARD BOOK NUMBER
International Standard Book Number 9780830844005
Qualifying information pbk. : alk. paper
035 ## - SYSTEM CONTROL NUMBER
System control number 20405304
040 ## - CATALOGING SOURCE
Original cataloging agency DLC
Language of cataloging eng
Transcribing agency DLC
Description conventions rda
Modifying agency DLC
042 ## - AUTHENTICATION CODE
Authentication code pcc
050 00 - LIBRARY OF CONGRESS CALL NUMBER
Classification number BS2625.6.M54
Item number R36 2018
082 00 - DEWEY DECIMAL CLASSIFICATION NUMBER
Classification number 226.6/07
Edition number 23
100 1# - MAIN ENTRY--PERSONAL NAME
Personal name Ramsey, Russ,
Dates associated with a name 1973-
Relator term author.
245 14 - TITLE STATEMENT
Title The mission of the Body of Christ /
Statement of responsibility, etc. Russ Ramsey.
264 #1 - PRODUCTION, PUBLICATION, DISTRIBUTION, MANUFACTURE, AND COPYRIGHT NOTICE
Place of production, publication, distribution, manufacture Downers Grove, Illinois :
Name of producer, publisher, distributor, manufacturer IVP Books, an imprint of InterVarsity Press,
Date of production, publication, distribution, manufacture, or copyright notice [2018]
300 ## - PHYSICAL DESCRIPTION
Extent 238 pages ;
Dimensions 21 cm.
336 ## - CONTENT TYPE
Content type term text
Content type code txt
Source rdacontent
337 ## - MEDIA TYPE
Media type term unmediated
Media type code n
Source rdamedia
338 ## - CARRIER TYPE
Carrier type term volume
Carrier type code nc
Source rdacarrier
490 0# - SERIES STATEMENT
Series statement Retelling the story series
504 ## - BIBLIOGRAPHY, ETC. NOTE
Bibliography, etc Includes bibliographical references.
630 00 - SUBJECT ADDED ENTRY--UNIFORM TITLE
Uniform title Bible.
Name of part/section of a work Acts
Form subdivision Commentaries.
650 #0 - SUBJECT ADDED ENTRY--TOPICAL TERM
Topical term or geographic name as entry element Mission of the church
General subdivision Biblical teaching.
650 #0 - SUBJECT ADDED ENTRY--TOPICAL TERM
Topical term or geographic name as entry element Church history
Chronological subdivision Primitive and early church, ca. 30-600
General subdivision Biblical teaching.
655 #7 - INDEX TERM--GENRE/FORM
Genre/form data or focus term Commentaries.
Source of term lcgft
Authority record control number https://id.loc.gov/authorities/genreForms/gf2025026014
776 08 - ADDITIONAL PHYSICAL FORM ENTRY
Relationship information Online version:
Main entry heading Ramsey, Russ, 1973- author.
Title Mission of the Body of Christ
Place, publisher, and date of publication Downers Grove : InterVarsity Press, 2018
International Standard Book Number 9780830885275
Record control number (DLC) 2018019985
906 ## - LOCAL DATA ELEMENT F, LDF (RLIN)
a 7
b cbc
c orignew
d 1
e ecip
f 20
g y-gencatlg
942 ## - ADDED ENTRY ELEMENTS (KOHA)
Source of classification or shelving scheme Library of Congress Classification
Koha item type General Collection
Holdings
Withdrawn status Lost status Source of classification or shelving scheme Not for loan Home library Current library Shelving location Date acquired Source of acquisition Inventory number Total Checkouts Full call number Barcode Date last seen Copy number Price effective from Koha item type
    Library of Congress Classification   Kabarak, Main Campus Kabarak, Main Campus General Stacks 03/12/2025 Donation 2025/2373   BS2625.6.M54 R36 2018 C.1 39141 03/12/2025 C.1 03/12/2025 General Collection
Designed with assistance from East African Informatics Ltd